Statistiques concernant Les Inconnus A-Z

Cliquez ici pour prendre le quiz!

Statistiques générales

  • Ce quiz a été pris 588 fois
  • Le résultat moyen est 13 sur 25

Statistiques - réponses

LettreIndiceRéponse% Correct
IElle a les yeux bleus dans une célèbre chansonIsabelle
91%
R"Cela ne nous..."regarde pas
88%
LNom de famille du membre des Inconnus prénommé PascalLégitimus
87%
ATitre de la chanson dont sont issues ces expressions : "C'est pas du gâteau" , "Tel est notre ghetto"Auteuil Neuilly Passy
83%
D"C'est ton ..."destin
83%
TFilm qu'ils ont réalisé en 1995les Trois frères
82%
HComplétez cette réplique tirée du sketch "Télémagouilles" : "Vous m'avez dit de dire ..."Hardy
77%
XTrois lettres prononcées "Croix - V - Bâton" dans "La Révolution"XVI
76%
QTitre de chanson à compléter : "C'est toi ..."que je t'aime
73%
GAnimal traqué dans "les Chasseurs"la galinette cendrée
68%
NChanson dont le style rappelle fortement celui de Chantal Goya : "Les insectes sont ..."Nos amis
61%
JComplétez cette citation du sketch "Youpi matin" : "J'ai beau être matinal ..."J'ai mal
57%
BNom de l'émission parodique où l'on retrouve Force Bleue, Force Rose et Force Jaune-devant Marron-derrièreBiouman
51%
PSketch parodique de l'émission "Perdu de vue"Perdu de recherche
46%
ZChanson de Vincent Lagaf' repris par The Cure dans le sketch "Top 50"la Zoubida
40%
VChanson où le clip se déroule en pleine campagneVice et versa
38%
ESketch à l'origine de la phrase "Bijour Monsieur Vincent"les Envahisseurs
34%
UEmission parodiée se déroulant dans le boulevard Barbès dans l'un de leur sketchUshuaïa
25%
SBoisson riche en protéine, en calcium, en fibre, en nitronium, en urinium, en nitrate de prostate et en oligo-excrémentsla Seinoise
24%
CPetits objets ronds que l'on peut trouver dans les poches d'un pantalon d'après le sketch "Une famille en plomb"les Coucougnous
23%
YAutre chanson humoristique des Inconnus où les chanteurs se plaignent du rapY en a marre du rap
21%
KChanson issue du sketch "Le hit des hits" : "Kro kro kro ..."Kronembourg
19%
FNom de famille du président d'un club de football qui fait l'objet d'un reportage de "Stade 2"Filoucelli
8%
MIls viennent en aide à cette femme dans le film "les Rois Mages"Macha
8%
OTitre du sketch caricaturant une émission sur le théâtre françaisles Oeils en coulisse
4%

Distribution des résultats

Percentile par nombre de réponses

% des personnes avec chaque résultat

Votre développement - résultats

Vous n’avez pas pris ce quiz